000 00331nam a2200109Ia 4500
005 20251222144801.0
008 251222s9999||||xx |||||||||||||| ||spa||
082 _a252.5/C76
245 0 _aPlan de Formación para los Seminarios Menores
264 _bSecretariado de la Comisión Episcopal de Seminarios y Universidades
942 _cLIB
999 _c19734
_d19734